Quizzes
Events
Quiz Creation
Community
Videos
Private Events
Remove Ads
Sign In
Join for FREE
Feedback
Dark Mode
Quiz Categories
Sports
Geography
Music
Movies
Television
Just For Fun
Miscellaneous
History
Literature
Language
Science
Gaming
Entertainment
Religion
Holiday
For Kids
Quiz Lab
Recent
Popular Today
Quiz Kudos Today
Editor Picks
Curator Picks
Quizzes by...
Day
Popularity
Type
Ratings
Length
Year
Community
Subscriptions
Recent Discussions
Orange Saloon
Badges
Playlists
Quests
Create
Leaderboards
Showdown
Live 5
Trivia Bingo
Activity
Puzzle Library
Sporcle Events
Private Events
Virtual Trivia
Globe League
Become a Host
Pub Owners
SporcleCon
Opinionation
Our Games
Videos
Blog
Mobile Apps
Partnerships
Remove Ads and Go Orange
Feedback
Sports
Athletes
MLB
NBA
NHL
NFL
Soccer
Sports Teams
WWE
NCAA
Football
Premier League
Basketball
Baseball
Hockey
Golf
Tennis
Cricket
Rugby
Auto Racing
Olympics
World Cup
Sports
Athletes
MLB
NBA
NHL
NFL
Soccer
Sports Teams
WWE
NCAA
Football
Premier League
Basketball
Baseball
Hockey
Golf
Tennis
Cricket
Rugby
Auto Racing
Olympics
World Cup
Random Quiz
Search Sporcle
×
Quiz Lab
Quiz Lab
Sports
Stanley
Type in answers that appear in a list
Type in answers that appear in a list
Classic
Best Score? Go Orange.
Stanley Cup Winners Players 2010s Stats
Can you name the Stanley Cup Winners Players 2010 - 2016?
By
klucmajster
15m
163 Questions
70 Plays
70 Plays
70 Plays
Comments
Comments
Give Quiz Kudos
Give Quiz Kudos
-
- Ratings
hide this ad
Replay
Link that replays current quiz
Next Quiz
Link to next quiz in quiz playlist
You Got
0%
They Got
Avg Score
62%
Avg Friend Score
Upgrade to see
Score Distribution
Jump to the score distribution portion of the page
Score
0/163
Timer
15:00
0
Plays Today
Hint
Answer
% Correct
2010 -
Chicago Blackhawks
Patrick Kane
97.1%
2013 -
Chicago Blackhawks
Patrick Kane
97.1%
2015 -
Chicago Blackhawks
Patrick Kane
97.1%
2010 -
Chicago Blackhawks
Jonathan Toews
94.3%
2013 -
Chicago Blackhawks
Jonathan Toews
94.3%
2015 -
Chicago Blackhawks
Jonathan Toews
94.3%
2010 -
Chicago Blackhawks
Duncan Keith
92.9%
2010 -
Chicago Blackhawks
Brent Seabrook
92.9%
2013 -
Chicago Blackhawks
Corey Crawford
92.9%
2013 -
Chicago Blackhawks
Duncan Keith
92.9%
2013 -
Chicago Blackhawks
Brent Seabrook
92.9%
2015 -
Chicago Blackhawks
Corey Crawford
92.9%
2015 -
Chicago Blackhawks
Duncan Keith
92.9%
2015 -
Chicago Blackhawks
Brent Seabrook
92.9%
2016 -
Pittsburgh Penguins
Sidney Crosby
92.9%
2010 -
Chicago Blackhawks
Marian Hossa
91.4%
2013 -
Chicago Blackhawks
Marian Hossa
91.4%
2015 -
Chicago Blackhawks
Marian Hossa
91.4%
2016 -
Pittsburgh Penguins
Kris Letang
91.4%
2011 -
Boston Bruins
Patrice Bergeron
90%
2011 -
Boston Bruins
Zdeno Chara
90%
2012 -
Los Angeles Kings
Jonathan Quick
90%
2014 -
Los Angeles Kings
Jonathan Quick
90%
2016 -
Pittsburgh Penguins
Marc-Andre Fleury
90%
2016 -
Pittsburgh Penguins
Evgeni Malkin
90%
2012 -
Los Angeles Kings
Anze Kopitar
88.6%
2014 -
Los Angeles Kings
Anze Kopitar
88.6%
2011 -
Boston Bruins
Tim Thomas
87.1%
2012 -
Los Angeles Kings
Dustin Brown
87.1%
2012 -
Los Angeles Kings
Jeff Carter
87.1%
2012 -
Los Angeles Kings
Drew Doughty
87.1%
2014 -
Los Angeles Kings
Dustin Brown
87.1%
2014 -
Los Angeles Kings
Jeff Carter
87.1%
2014 -
Los Angeles Kings
Drew Doughty
87.1%
2016 -
Pittsburgh Penguins
Phil Kessel
87.1%
2011 -
Boston Bruins
David Krejci
85.7%
2011 -
Boston Bruins
Brad Marchand
85.7%
2011 -
Boston Bruins
Tuukka Rask
84.3%
2016 -
Pittsburgh Penguins
Matt Murray
84.3%
2010 -
Chicago Blackhawks
Antti Niemi
82.9%
2010 -
Chicago Blackhawks
Niklas Hjalmarsson
81.4%
2013 -
Chicago Blackhawks
Niklas Hjalmarsson
81.4%
2015 -
Chicago Blackhawks
Niklas Hjalmarsson
81.4%
2012 -
Los Angeles Kings
Mike Richards
80%
2014 -
Los Angeles Kings
Mike Richards
80%
2015 -
Chicago Blackhawks
Brad Richards
80%
2016 -
Pittsburgh Penguins
Patric Hornqvist
77.1%
2013 -
Chicago Blackhawks
Brandon Saad
75.7%
2013 -
Chicago Blackhawks
Andrew Shaw
75.7%
2014 -
Los Angeles Kings
Tyler Toffoli
75.7%
2015 -
Chicago Blackhawks
Brandon Saad
75.7%
2015 -
Chicago Blackhawks
Andrew Shaw
75.7%
2016 -
Pittsburgh Penguins
Carl Hagelin
75.7%
2010 -
Chicago Blackhawks
Brian Campbell
74.3%
2011 -
Boston Bruins
Gregory Campbell
74.3%
Hint
Answer
% Correct
2014 -
Los Angeles Kings
Marian Gaborik
74.3%
2010 -
Chicago Blackhawks
Patrick Sharp
72.9%
2011 -
Boston Bruins
Tyler Seguin
72.9%
2012 -
Los Angeles Kings
Alec Martinez
72.9%
2013 -
Chicago Blackhawks
Patrick Sharp
72.9%
2014 -
Los Angeles Kings
Alec Martinez
72.9%
2015 -
Chicago Blackhawks
Patrick Sharp
72.9%
2012 -
Los Angeles Kings
Justin Williams
71.4%
2013 -
Chicago Blackhawks
Bryan Bickell
71.4%
2014 -
Los Angeles Kings
Justin Williams
71.4%
2015 -
Chicago Blackhawks
Bryan Bickell
71.4%
2010 -
Chicago Blackhawks
Dustin Byfuglien
70%
2014 -
Los Angeles Kings
Martin Jones
70%
2016 -
Pittsburgh Penguins
Chris Kunitz
70%
2011 -
Boston Bruins
Milan Lucic
68.6%
2010 -
Chicago Blackhawks
Dave Bolland
67.1%
2011 -
Boston Bruins
Dennis Seidenberg
67.1%
2013 -
Chicago Blackhawks
Dave Bolland
67.1%
2013 -
Chicago Blackhawks
Johnny Oduya
67.1%
2015 -
Chicago Blackhawks
Johnny Oduya
67.1%
2016 -
Pittsburgh Penguins
Olli Maatta
67.1%
2010 -
Chicago Blackhawks
Andrew Ladd
65.7%
2013 -
Chicago Blackhawks
Marcus Kruger
65.7%
2015 -
Chicago Blackhawks
Marcus Kruger
65.7%
2010 -
Chicago Blackhawks
Kris Versteeg
64.3%
2012 -
Los Angeles Kings
Jonathan Bernier
64.3%
2015 -
Chicago Blackhawks
Kris Versteeg
64.3%
2016 -
Pittsburgh Penguins
Nick Bonino
64.3%
2014 -
Los Angeles Kings
Tanner Pearson
62.9%
2016 -
Pittsburgh Penguins
Conor Sheary
62.9%
2014 -
Los Angeles Kings
Jake Muzzin
61.4%
2015 -
Chicago Blackhawks
Scott Darling
61.4%
2011 -
Boston Bruins
Adam McQuaid
60%
2011 -
Boston Bruins
Shawn Thornton
60%
2012 -
Los Angeles Kings
Dwight King
60%
2014 -
Los Angeles Kings
Dwight King
60%
2016 -
Pittsburgh Penguins
Matt Cullen
58.6%
2016 -
Pittsburgh Penguins
Trevor Daley
58.6%
2016 -
Pittsburgh Penguins
Bryan Rust
58.6%
2011 -
Boston Bruins
Johnny Boychuk
57.1%
2012 -
Los Angeles Kings
Matt Greene
57.1%
2013 -
Chicago Blackhawks
Michal Rozsival
57.1%
2014 -
Los Angeles Kings
Matt Greene
57.1%
2015 -
Chicago Blackhawks
Michal Rozsival
57.1%
2011 -
Boston Bruins
Andrew Ference
55.7%
2012 -
Los Angeles Kings
Kyle Clifford
55.7%
2012 -
Los Angeles Kings
Trevor Lewis
55.7%
2013 -
Chicago Blackhawks
Michael Frolik
55.7%
2014 -
Los Angeles Kings
Kyle Clifford
55.7%
2014 -
Los Angeles Kings
Trevor Lewis
55.7%
2016 -
Pittsburgh Penguins
Brian Dumoulin
55.7%
2011 -
Boston Bruins
Nathan Horton
54.3%
2011 -
Boston Bruins
Mark Recchi
54.3%
2012 -
Los Angeles Kings
Jordan Nolan
54.3%
2012 -
Los Angeles Kings
Slava Voynov
54.3%
Hint
Answer
% Correct
2014 -
Los Angeles Kings
Slava Voynov
54.3%
2015 -
Chicago Blackhawks
Teuvo Teravainen
54.3%
2016 -
Pittsburgh Penguins
Justin Schultz
54.3%
2011 -
Boston Bruins
Marc Savard
52.9%
2012 -
Los Angeles Kings
Jarret Stoll
52.9%
2014 -
Los Angeles Kings
Jarret Stoll
52.9%
2016 -
Pittsburgh Penguins
Jeff Zatkoff
51.4%
2010 -
Chicago Blackhawks
Tomas Kopecky
50%
2011 -
Boston Bruins
Chris Kelly
50%
2013 -
Chicago Blackhawks
Ben Smith
50%
2012 -
Los Angeles Kings
Willie Mitchell
48.6%
2013 -
Chicago Blackhawks
Michal Handzus
48.6%
2014 -
Los Angeles Kings
Willie Mitchell
48.6%
2016 -
Pittsburgh Penguins
Ian Cole
48.6%
2010 -
Chicago Blackhawks
Cristobal Huet
47.1%
2011 -
Boston Bruins
Daniel Paille
47.1%
2011 -
Boston Bruins
Michael Ryder
45.7%
2013 -
Chicago Blackhawks
Nick Leddy
45.7%
2012 -
Los Angeles Kings
Rob Scuderi
42.9%
2015 -
Chicago Blackhawks
Kimmo Timonen
42.9%
2016 -
Pittsburgh Penguins
Eric Fehr
41.4%
2010 -
Chicago Blackhawks
Ben Eager
40%
2015 -
Chicago Blackhawks
Daniel Carcillo
40%
2015 -
Chicago Blackhawks
Trevor van Riemsdyk
40%
2015 -
Chicago Blackhawks
Antoine Vermette
40%
2016 -
Pittsburgh Penguins
Derrick Pouliot
40%
2011 -
Boston Bruins
Rich Peverley
38.6%
2010 -
Chicago Blackhawks
Troy Brouwer
37.1%
2010 -
Chicago Blackhawks
Brent Sopel
37.1%
2015 -
Chicago Blackhawks
Antti Raanta
37.1%
2016 -
Pittsburgh Penguins
Ben Lovejoy
37.1%
2013 -
Chicago Blackhawks
Brandon Bollig
35.7%
2013 -
Chicago Blackhawks
Ray Emery
35.7%
2016 -
Pittsburgh Penguins
Tom Kuhnhackl
35.7%
2015 -
Chicago Blackhawks
Andrew Desjardins
32.9%
2016 -
Pittsburgh Penguins
Beau Bennett
32.9%
2012 -
Los Angeles Kings
Simon Gagne
31.4%
2010 -
Chicago Blackhawks
Colin Fraser
30%
2011 -
Boston Bruins
Tomas Kaberle
30%
2012 -
Los Angeles Kings
Colin Fraser
30%
2013 -
Chicago Blackhawks
Viktor Stalberg
30%
2012 -
Los Angeles Kings
Dustin Penner
28.6%
2010 -
Chicago Blackhawks
John Madden
24.3%
2010 -
Chicago Blackhawks
Adam Burish
22.9%
2015 -
Chicago Blackhawks
David Rundblad
22.9%
2010 -
Chicago Blackhawks
Nick Boynton
21.4%
2012 -
Los Angeles Kings
Brad Richardson
21.4%
2012 -
Los Angeles Kings
Davis Drewiske
12.9%
2015 -
Chicago Blackhawks
Joakim Nordstrom
12.9%
2016 -
Pittsburgh Penguins
Oskar Sundqvist
12.9%
2015 -
Chicago Blackhawks
Kyle Cumiskey
11.4%
2010 -
Chicago Blackhawks
Jordan Hendry
8.6%
2012 -
Los Angeles Kings
Kevin Westgarth
5.7%
Quiz Playlist
Details
Report
Send in Message
Add To Playlist
Classic:
Type in answers that appear in a list
Last Updated: Apr 16, 2017
Quiz Scoreboard
CHALLENGE
Sign Up to Join the Scoreboard
Show All
Scores
Hide
Comments
May contain spoilers
Recently Published
Billboard Blitz: Fleetwood Mac
by CooCooCachoo
Music
15s
Presidents Visiting Landmarks
by Hejman
History
7m
An Introduction to Baseball
by treessimontrees
Sports
5m
More to Explore
Quiz From the Vault
Featured Blog Post
Where Did the Easter Bunny Come From?
hide this ad
You Might Also Like...
Tags
2010
2016
cup
Player
Stanley
Winner
Today's Top Quizzes in Sports
Browse Sports
hide this ad
Today's Top Quizzes in Stanley
Browse Stanley
Top Contributed Quizzes in Sports
1
Les meilleurs buteurs des matchs entre le PSG et l’OM
2
2022 World Cup Stars
3
FIFA Club World Cup Champions
4
Les entraîneurs de l'OM et du PSG au 21e siècle
5
Criteria MLB: Left Handed Sluggers
6
Name the Premier League winners with different clubs
7
5-to-1: UK Sports Teams
8
AFC Teams Reveal (Wrong Answers Minefield)
9
Players with Multiple 50 Home Run Seasons
10
5-to-1: FBS Animal Nicknames
Explore More
Trending Topics
Crossword
Marvel
Anime
Kpop
Disney
Harry Potter
NBA
WWE
Country
Soccer
Puzzle
NFL
Song
Pokémon
The Office
hide this ad
More By:
klucmajster
Quiz
Plays
Rating
Category
Featured
Created
Premier League 2018/2019 Team Captains
3,891
4.80
Sports
Feb 19, 2019
3 Longest-Serving Players in each PL Club 19/20
1,563
5.00
Sports
Sep 22, 2019
NHL 2017/2018 statistical leaders
1,376
4.80
Sports
Apr 11, 2018
NHL 2020 Playoffs Opening Games First Lines
1,316
5.00
Sports
Sep 1, 2020
Manchester City vs Manchester United PL XIs - 2010s
1,022
5.00
Sports
Apr 7, 2017
Go to Creator's Profile
Score Distribution
Quiz Creator Spotlight
klucmajster
Follow
Send a Message
Quizzes Created
-
Created Quiz Play Count
-
More By This Creator
Popular Quizzes Today
1
Find the US States - No Outlines Minefield
2
Find the Countries of Europe - No Outlines Minefield
3
The Countries of the World
4
Find the US States
5
Risky Map Clicking: Biggest States A-Z
6
US States
7
Popular People in 1961
8
Movies - When Are They Set?
More Sports Quizzes
F1 drivers (2011-2019) by post-F1 career
Quiz Lab
Trending Quizzes
Risky Map Clicking: Least Populous States A-Z
1-10 Letter G Words
1-10 Letter F Words
Risky Map Clicking: Next State Alphabetically
Risky Map Clicking: Biggest States A-Z
Recently Updated
Leaping Animals
pecheneg
Reality TV Shows (A-Z)
bhenderson79
Rickey Henderson's Hall of Fame Teammates
pecheneg
Champions League XIs: Arsenal
pecheneg
Quick Pick: Celebrities in WWE's Hall of Fame
aduchscher
A-Z Keypad Blitz II
pecheneg
Multiple Oscar Actors
pecheneg
Mystery Phrase Blitz: Oscar 'Best Actors'
pecheneg
F. Scott Fitzgerald Novels
LTH
Pick 3 Villains
ddd62291
Trending Topics
Crossword
Marvel
Kpop
Anime
Harry Potter
NBA
Disney
WWE
The Office
NFL
Country
Pokémon
Song
Puzzle
Soccer
Your Account Isn't Verified!
In order to create a playlist on Sporcle, you need to verify the email address you used during registration. Go to your
Sporcle Settings
to finish the process.
Report this User
Report this user for behavior that violates our
Community Guidelines
.
Details:
Send Report
Go to the Sporcle.com Mobile Site →
Comments